[Event "Bundesliga 0809"]
[Site "Germany"]
[Date "2008.12.13"]
[Round "8.3"]
[White "Schneider, Ilja"]
[Black "Chuchelov, Vladimir"]
[Result "1/2-1/2"]
[WhiteElo "2486"]
[BlackElo "2575"]
[PlyCount "83"]
[EventDate "2008.10.03"]
[EventType "team-tourn"]
[EventRounds "15"]
[EventCountry "GER"]
[SourceTitle "CBM 127 Extra"]
[Source "ChessBase"]
[SourceDate "2009.01.08"]
[SourceVersion "2"]
[SourceVersionDate "2009.01.28"]
[SourceQuality "1"]
[WhiteTeam "Berlin SF"]
[BlackTeam "Katernberg"]
[WhiteTeamCountry "GER"]
[BlackTeamCountry "GER"]

1. d4 Nf6 2. Bg5 Ne4 3. Bf4 d5 4. e3 c5 5. Bd3 Nf6 6. dxc5 Nc6 7. Bb5 Bd7 8. Nc3 e6 9. Bd6 Bxd6 10. cxd6 0-0 11. Nf3 Qb6 12. 0-0 Rfd8 13. Rb1 Rac8 14. Qe2 h6 15. Rfd1 Na5 16. Bd3 Ne8 17. e4 d4 18. Nb5 Bxb5 19. Bxb5 Nxd6 20. Bd3 Nc6 21. e5 Nf5 22. Bxf5 exf5 23. e6 Qc5 24. exf7+ Kxf7 25. b4 Qe7 26. Qd3 Qe4 27. Qb3+ Qe6 28. b5 Qxb3 29. axb3 Nb4 30. Nxd4 Nxc2 31. Nxf5 Na3 32. Ra1 Nxb5 33. g4 Kf6 34. Kg2 h5 35. h3 hxg4 36. hxg4 a6 37. Rac1 g6 38. Rxc8 Rxc8 39. Nd6 Nxd6 40. Rxd6+ Kg5 41. Rb6 Kxg4 42. Rxb7 1/2-1/2

[Event "Bundesliga 0809"]
[Site "Germany"]
[Date "2008.11.30"]
[Round "6.2"]
[White "Chuchelov, Vladimir"]
[Black "Eljanov, Pavel"]
[Result "1-0"]
[WhiteElo "2575"]
[BlackElo "2720"]
[PlyCount "79"]
[EventDate "2008.10.03"]
[EventType "team-tourn"]
[EventRounds "15"]
[EventCountry "GER"]
[SourceTitle "CBM 127 Extra"]
[Source "ChessBase"]
[SourceDate "2009.01.08"]
[SourceVersion "2"]
[SourceVersionDate "2009.01.28"]
[SourceQuality "1"]
[WhiteTeam "Katernberg"]
[BlackTeam "Werder Bremen"]
[WhiteTeamCountry "GER"]
[BlackTeamCountry "GER"]

1. Nf3 Nf6 2. c4 e6 3. Nc3 d5 4. d4 Nbd7 5. cxd5 exd5 6. Bg5 h6 7. Bh4 Bb4 8. Qc2 g5 9. Bg3 Ne4 10. Nd2 Nxg3 11. hxg3 Nb6 12. e3 c6 13. a3 Bd6 14. Bd3 Be6 15. 0-0-0 Qf6 16. f4 Bg4 17. Rde1 gxf4 18. e4 Qxd4 19. e5 Bc5 20. Rhf1 Nc4 21. Bxc4 dxc4 22. Rxf4 Qd7 23. Nde4 Be7 24. Nd6+ Kd8 25. Nxf7+ Kc7 26. Nxh8 Bg5 27. Ng6 Bf5 28. Rd1 Qf7 29. Qf2 Bxg6 30. Nb5+ cxb5 31. Qc5+ Kb8 32. Rd8+ Bxd8 33. Rxf7 Bxf7 34. Qf8 a5 35. Qxd8+ Ka7 36. Qxa5+ Kb8 37. Qd8+ Ka7 38. Qd4+ Ka6 39. e6 Be8 40. e7 1-0

[Event "BEL-chT 0809"]
[Site "Belgium"]
[Date "2008.11.02"]
[Round "3.1"]
[White "Chuchelov, Vladimir"]
[Black "Postny, Evgeny"]
[Result "1/2-1/2"]
[WhiteElo "2575"]
[BlackElo "2661"]
[PlyCount "102"]
[EventDate "2008.10.05"]
[EventType "team-tourn"]
[EventRounds "11"]
[EventCountry "BEL"]
[SourceTitle "CBM 127 Extra"]
[Source "ChessBase"]
[SourceDate "2009.01.08"]
[SourceVersion "2"]
[SourceVersionDate "2009.01.28"]
[SourceQuality "1"]
[WhiteTeam "SK Rochade"]
[BlackTeam "Wirtzfeld"]
[WhiteTeamCountry "BEL"]
[BlackTeamCountry "BEL"]

1. Nf3 Nf6 2. c4 e6 3. g3 d5 4. Bg2 dxc4 5. Qa4+ c6 6. Qxc4 b5 7. Qc2 Bb7 8. 0-0 Nbd7 9. Nc3 Rc8 10. d3 Be7 11. a4 b4 12. Nb1 c5 13. Nbd2 0-0 14. Nc4 Nb6 15. Nfe5 Bxg2 16. Kxg2 Nfd7 17. Nxd7 Qxd7 18. Nxb6 axb6 19. b3 Bf6 20. Bb2 Bd4 21. Rfd1 Rc6 22. e3 Bxb2 23. Qxb2 Rd6 24. d4 e5 25. Rac1 exd4 26. exd4 cxd4 27. Rd3 h5 28. h4 Re8 29. Qd2 Re4 30. Qxb4 Re2 31. Re1 Rc2 32. Red1 Rf6 33. R1d2 Qd5+ 34. f3 Rxd2+ 35. Qxd2 g6 36. b4 Rd6 37. a5 bxa5 38. bxa5 Qc4 39. a6 Qxa6 40. Rxd4 Re6 41. Re4 Rxe4 42. fxe4 Qc4 43. Kf3 Qf1+ 44. Ke3 Kg7 45. Qd4+ Kh7 46. Qe5 Qg1+ 47. Kf3 Qf1+ 48. Ke3 Qg2 49. Qf4 Qg1+ 50. Ke2 Kg8 51. Qb8+ Kh7 1/2-1/2

[Event "Bundesliga 0809"]
[Site "Germany"]
[Date "2008.10.25"]
[Round "3.4"]
[White "Jaracz, Pawel"]
[Black "Chuchelov, Vladimir"]
[Result "1/2-1/2"]
[WhiteElo "2513"]
[BlackElo "2575"]
[PlyCount "93"]
[EventDate "2008.10.03"]
[EventType "team-tourn"]
[EventRounds "15"]
[EventCountry "GER"]
[SourceTitle "CBM 126 Extra"]
[Source "ChessBase"]
[SourceDate "2008.11.05"]
[SourceVersion "1"]
[SourceVersionDate "2008.11.05"]
[SourceQuality "1"]
[WhiteTeam "Trier"]
[BlackTeam "Katernberg"]
[WhiteTeamCountry "GER"]
[BlackTeamCountry "GER"]

1. e4 c5 2. Nf3 e6 3. d4 cxd4 4. Nxd4 a6 5. Bd3 Nf6 6. 0-0 Qc7 7. Qe2 d6 8. c4 g6 9. Nc3 Bg7 10. Nf3 0-0 11. Rd1 Nbd7 12. Bf4 Nh5 13. Be3 Re8 14. Rac1 b6 15. Qd2 Bf8 16. Be2 Rb8 17. Bh6 Be7 18. Bg5 Nhf6 19. Bf4 Ne5 20. b4 Nh5 21. Bg5 f6 22. Be3 Ng4 23. Nd4 Nxe3 24. Qxe3 Ng7 25. f4 f5 26. Bf3 Bd7 27. Qd2 Rbc8 28. a3 Qa7 29. exf5 gxf5 30. Qa2 Bf6 31. b5 Bxd4+ 32. Rxd4 axb5 33. Rxd6 Rxc4 34. Rcd1 Re7 35. Ne2 Qc7 36. h3 Ne8 37. R6d3 Nf6 38. Qb2 Kf7 39. Ng3 Rc2 40. Qa1 Qc5+ 41. Kh2 Bc6 42. Nh5 e5 43. Nxf6 Bxf3 44. Rxf3 Kxf6 45. Rg3 Rc4 46. Rf3 Rc2 47. Rg3 1/2-1/2

[Event "BEL-chT 0809"]
[Site "Belgium"]
[Date "2008.10.05"]
[Round "1.1"]
[White "Chuchelov, Vladimir"]
[Black "Eliet, Nicolas"]
[Result "1-0"]
[WhiteElo "2573"]
[BlackElo "2435"]
[PlyCount "51"]
[EventDate "2008.10.05"]
[EventType "team-tourn"]
[EventRounds "11"]
[EventCountry "BEL"]
[SourceTitle "CBM 127 Extra"]
[Source "ChessBase"]
[SourceDate "2009.01.08"]
[SourceVersion "2"]
[SourceVersionDate "2009.01.28"]
[SourceQuality "1"]
[WhiteTeam "SK Rochade"]
[BlackTeam "Charleroi CREC"]
[WhiteTeamCountry "BEL"]
[BlackTeamCountry "BEL"]

1. c4 e6 2. Nf3 d5 3. g3 Nf6 4. Bg2 dxc4 5. Qa4+ Nbd7 6. Qxc4 a6 7. Qc2 c5 8. d3 Be7 9. 0-0 0-0 10. a4 Nd5 11. a5 N7f6 12. Bd2 Bd7 13. Na3 Rc8 14. Ne5 Be8 15. Rfc1 Qc7 16. d4 Nd7 17. Nd3 Qc6 18. b4 cxb4 19. Qd1 bxa3 20. Rxc6 bxc6 21. e4 N5f6 22. Bb4 Bxb4 23. Nxb4 c5 24. Nxa6 cxd4 25. Qxd4 Ra8 26. Bf1 1-0